| Tag |
First Indicator |
Second Indicator |
Subfields |
| LEADER |
00000cam a2200000 a 4500 |
| 001 |
in00000007317 |
| 005 |
20151005070013.0 |
| 008 |
860612r19861732cau b 00000 eng d |
| 035 |
|
|
|a (OCoLC)13724851
|
| 035 |
|
|
|9 AAA1805AM
|
| 040 |
|
|
|a ANG
|c ANG
|d OCL
|d NYP
|d m.c.
|d OCL
|d TXA
|d UtOrBLW
|
| 049 |
|
|
|a TXAM
|c [A10076000]
|
| 050 |
|
4 |
|a PN2596.L6
|b S4 1986
|
| 245 |
0 |
0 |
|a See and seem blind :
|b or, A critical dissertation on the publick diversions, & c. [1732] /
|c introduction by Robert D. Hume ; [general editor, David Stuart Rodes ; editors, Charles L. Batten [and others]].
|
| 264 |
|
1 |
|a Los Angeles, Calif. :
|b William Andrews Clark Memorial Library, University of California,
|c 1986.
|
| 300 |
|
|
|a xii, 30 pages ;
|c 22 cm.
|
| 336 |
|
|
|a text
|b txt
|2 rdacontent
|
| 337 |
|
|
|a unmediated
|b n
|2 rdamedia
|
| 338 |
|
|
|a volume
|b nc
|2 rdacarrier
|
| 490 |
1 |
|
|a Augustan Reprint Society ;
|v publication no. 235
|
| 500 |
|
|
|a Facsimile reproduction of pamphlet published anonymously in 1732.
|
| 504 |
|
|
|a Bibliography: pages viii-xii.
|
| 536 |
|
|
|a From the library of Harrison T. Meserole, 2002.
|
| 651 |
|
0 |
|a London (England)
|x Intellectual life.
|
| 651 |
|
0 |
|a London (England)
|x Social life and customs
|y 18th century.
|
| 650 |
|
0 |
|a Theater
|z England
|z London
|x History
|y 18th century.
|
| 700 |
1 |
|
|a Hume, Robert D.
|
| 700 |
1 |
|
|a Batten, Charles L.
|
| 700 |
1 |
|
|a Rodes, David Stuart.
|
| 710 |
2 |
|
|a William Andrews Clark Memorial Library.
|
| 740 |
2 |
|
|a A critical dissertation on the publick diversions, & c. [1732]
|
| 830 |
|
0 |
|a Publication (Augustan Reprint Society) ;
|v no. 235.
|
| 999 |
|
|
|a MARS
|
| 999 |
f |
f |
|s ac4cf3e5-9e88-3306-9495-3b5274bd8c01
|i bd9df5f0-da99-3d92-ba2e-3772eeef2bfd
|t 0
|
| 952 |
f |
f |
|p ric
|a Texas A&M University
|b Rellis Campus
|c Joint Library Facility
|s JLF
|d Remote Storage
|t 0
|e PN2596.L6 S4 1986
|h Library of Congress classification
|i unmediated -- volume
|m A14829799021
|
| 998 |
f |
f |
|a PN2596.L6 S4 1986
|t 0
|l Remote Storage
|